| Tag |
First Indicator |
Second Indicator |
Subfields |
| LEADER |
00000ctm a2200000Ia 4500 |
| 001 |
in00000017884 |
| 005 |
20220104090741.0 |
| 008 |
880609s1986 xx a bm 000 0 eng d |
| 035 |
|
|
|9 AAB0362AM
|
| 035 |
|
|
|a (OCoLC)18061769
|
| 035 |
|
|
|a (OCoLC)ocm18061769
|
| 040 |
|
|
|a TXA
|b eng
|c TXA
|d OCLCQ
|d OCLCF
|d OCLCO
|d OCLCQ
|d UMI
|d TXA
|
| 049 |
|
|
|a TXAM
|
| 099 |
|
|
|a 1986
|a Dissertation
|a S548
|
| 100 |
1 |
|
|a Shepko, Michael John.
|
| 245 |
1 |
2 |
|a A search for super-heavy gut magnetic monopoles in cosmic rays.
|
| 264 |
|
1 |
|c 1986.
|
| 300 |
|
|
|a x, 136 leaves :
|b illustrations ;
|c 29 cm
|
| 336 |
|
|
|a text
|b txt
|2 rdacontent
|
| 337 |
|
|
|a unmediated
|b n
|2 rdamedia
|
| 338 |
|
|
|a volume
|b nc
|2 rdacarrier
|
| 500 |
|
|
|a Typescript (photocopy).
|
| 500 |
|
|
|a Vita.
|
| 502 |
|
|
|b Ph. D. in Physics
|c Texas A & M University
|d 1986
|
| 504 |
|
|
|a Includes bibliographical references (leaves 133-135).
|
| 520 |
3 |
|
|a A search for superheavy grand unified (GUT) magnetic monopoles has been performed utilizing a large (260m²sr) array of scintillation counters, sited underground at a depth of 1200 m.w.e. This apparatus measures both the time of flight and specific ionization of particles passing through it and has a trigger which is sensitive to prompt as well as very slowly developing pulses from the detector. No monopole events have been observed during 280 days of live time operation of this detector. An upper limit on the flux of monopoles of 4.6 x 10⁻¹⁴cm⁻²sr⁻¹s⁻¹ is obtained in the velocity range 8.5 x 10⁻⁴c to 0.012c at a 90% confidence level.
|
| 650 |
|
0 |
|a Cosmic magnetic fields.
|
| 650 |
|
0 |
|a Grand unified theories (Nuclear physics)
|
| 650 |
|
0 |
|a Magnetic monopoles.
|
| 650 |
|
4 |
|a Major physics.
|
| 655 |
|
7 |
|a Academic theses
|2 lcgft
|
| 700 |
1 |
|
|a Bryan, Ronald A.,
|e degree committee member.
|
| 700 |
1 |
|
|a Fulling, Stephen A.,
|e degree committee member.
|
| 700 |
1 |
|
|a McIntyre, Peter M.,
|e degree committee member.
|
| 700 |
1 |
|
|a Meyer, Thomas,
|e degree committee member.
|
| 700 |
1 |
|
|a Webb, Robert C.,
|e degree supervisor.
|
| 710 |
2 |
|
|a Texas A & M University,
|e degree granting institution.
|
| 856 |
4 |
1 |
|u http://proxy.library.tamu.edu/login?url=http://proquest.umi.com/pqdweb?did=753963471&sid=1&Fmt=2&clientId=2945&RQT=309&VName=PQD
|z Link to ProQuest copy
|t 0
|
| 856 |
4 |
1 |
|u https://hdl.handle.net/1969.1/DISSERTATIONS-24019
|z Link to OAKTrust copy
|t 0
|
| 994 |
|
|
|a C0
|b TXA
|
| 999 |
f |
f |
|s e9274c53-4b21-3207-8294-03dbc32b88e1
|i 37aef469-afc3-3b81-b570-11b68ed27dff
|t 0
|
| 952 |
f |
f |
|p noncirc
|a Texas A&M University
|b J.J. Pickle Campus
|c High Density Repository
|s HDR
|d Remote Storage
|t 0
|e 1986 Dissertation S548
|h Other scheme
|i unmediated -- volume
|m A14839614566
|
| 952 |
f |
f |
|a Texas A&M University
|b College Station
|c Electronic Resources
|s www_evans
|d Available Online
|t 0
|e 1986 Dissertation S548
|h Other scheme
|
| 998 |
f |
f |
|a 1986 Dissertation S548
|t 0
|l Available Online
|
| 998 |
f |
f |
|a 1986 Dissertation S548
|t 0
|l Remote Storage
|